LEADER 01073cam0-2200361---450- 001 990004193770403321 005 20110715112245.0 035 $a000419377 035 $aFED01000419377 035 $a(Aleph)000419377FED01 035 $a000419377 100 $a19990604d1985----km-y0itay50------ba 101 0 $aita 102 $aIT 105 $ay-------001yy 200 1 $a<>contadini, la terra e il potere$eeconomia, politica e cultura nelle campagne laziali tra Ottocento e Novecento$fAlfredo Martini 210 $aRoma$cBulzoni$dc1985 215 $a99 p.$d21 cm 225 1 $aBiblioteca di cultura$v293 610 0 $aContadini$aLazio$aStoria 610 0 $aAgricoltura$aLazio$aStoria 676 $a333.0094562 676 $a305.563 700 1$aMartini,$bAlfredo$0343005 801 0$aIT$bUNINA$gRICA$2UNIMARC 901 $aBK 912 $a990004193770403321 952 $aSE 098.07.20-$b2168$fDECSE 952 $a333 MAR 1$bDip.d.s.2252$fFLFBC 959 $aDECSE 959 $aFLFBC 996 $aContadini, la terra e il potere$9484165 997 $aUNINA LEADER 02178nas 2200493 n 450 001 990008933000403321 005 20240229084439.0 011 $a0181-0030 035 $a000893300 035 $aFED01000893300 035 $a(Aleph)000893300FED01 035 $a000893300 091 $2CNR$aP 00027973 100 $a20161109a19799999km-y0itaa50------ba 101 0 $afre 102 $aFR 110 $aauu-------- 200 1 $aBulletin signalétique - Centre national de la recherche scientifique. 380, Produits alimentaires 207 1$a1979- 210 $aParis$cCNRS 326 $aMensile 430 0$1001000893299$12001$aBulletin signalétique - Centre national de la recherche scientifique. 380, Agronomie, zootéchnie, phytopathologie, industries alimentaires 441 0$12001$aBulletin signalétique. CNRS. Section 381: Sciences agronomiques, productions végétales 530 0 $aBulletin signalétique - Centre national de la recherche scientifique. 380, Produits alimentaires 675 $a5 675 $a6 675 $a664 675 $a016 675 $a061.6 675 $a011/016 675 $a663/664 676 $a011 676 $a664 712 02$aCentre national de la recherche scientifique$c 801 0$aIT$bACNP$c20090723 859 4 $uhttp://acnp.cib.unibo.it/cgi-ser/start/it/cnr/dc-p1.tcl?catno=18381&person=false&language=ITALIANO&libr=&libr_th=unina1$zBiblioteche che possiedono il periodico 901 $aSE 912 $a990008933000403321 958 $aBiblioteca. Dipartimento di Strutture, Funzioni e Tecnologie Biologiche dell'Università Federico II$b1979;$fDMVSF 959 $aDMVSF 996 $aBulletin signalétique - Centre national de la recherche scientifique. 380, Produits alimentaires$9798176 997 $aUNINA AP1 8 $6866-01$aNA090 Biblioteca. Dipartimento di Strutture, Funzioni e Tecnologie Biologiche dell'Università Federico II$ev. Delpino,1, Napoli (NA)$m(081) 440120$nit AP2 40$aacnp.cib.unibo.it$nACNP Italian Union Catalogue of Serials$uhttp://acnp.cib.unibo.it/cgi-ser/start/it/cnr/df-p.tcl?catno=18381&language=ITALIANO&libr=&person=&B=1&libr_th=unina&proposto=NO